Responses for Show #9210 - Friday, November 22, 2024

Contestants

[<< previous game]

Adam Hersh, an attorney from Brooklyn, New York

Courtney Schooley, a preschool teacher from Tulsa, Oklahoma

Mehal Shah, a software engineer from Seattle, Washington (whose 2-day cash winnings total $46,062)

[next game >>]

Jeopardy! Round responses

BARBIE THROUGH THE YEARS
ZOOLOGY GLOSSARY
OOPS!
FRENCH-NAMED FOOD & DRINK
SPEECH
GIFT OF "GAB"
(Ken: Each correct response contains those letters--"G-A-B".)
    $200 26
a kimono

Adam
    $200 12
10

Courtney
    $200 25
Berkshire Hathaway

Mehal!
    $200 30
an apéritif

Mehal!
    $200 24
Taft

Mehal!
    $200 21
a gigabyte

Mehal!
    $400 27
a fashion designer

Courtney
    $400 3
an amphibian

Mehal!
    $400 15
(Ken: Yes, it said, "Thou shalt commit adultery", hence the name--a very popular Bible, I think.)
[Laughter]

not

Mehal!
    $400 11
a beignet

Mehal!
    $400 23
(Adam: Who is Cuomo?)
(Ken: Can you be more specific?)

Mario Cuomo

Adam
    $400 20
navigable

Triple Stumper
    $600 17
being bald

Mehal!
    $600 2
its pouch

Courtney
    $600 13
Michael Jordan

Mehal!
    $600 10
café au lait

Triple Stumper
    $600 7
Samuel Adams

Adam
    $600 19
Gabon

Mehal!
    $800 28
Issa Rae

Adam
    $800 1
coral

Adam
    $800 5
Brontë

Mehal!
    $800 8
(Courtney: What is pinot noir?)

merlot

CourtneyAdam
    $800 6
the Rump Parliament

Mehal!
    $800 18
(Adam: What are beggars?)

vagabonds

Mehal!Adam
    $1000 29
Katherine Johnson

Courtney
    $1000 4
chrysalis

Adam
    $1000 14
Dewey

Mehal!
    $2,000 9
bouillon & bouillabaisse

Adam
    $1000 22
Fidel Castro

Triple Stumper
    $1000 16
Indefatigable

Courtney

Scores at the first commercial break (after clue 15):

Mehal! Courtney Adam
$4,400 $0 $5,200

Scores at the end of the Jeopardy! Round:

Mehal! Courtney Adam
$7,200 $2,400 $5,800

Double Jeopardy! Round responses

I TINKER
BRITISH GEOGRAPHY
TV TITLE TWOSOMES BY ACTORS
(Ken: You'll give us the show's title.)
AUTHORS INITIALLY
MUSIC & WAR
IT ENDS WITH "US"
    $400 28
(Adam: What is a [*] cannon?)

T-shirt

Adam
    $400 19
Dover

Adam
    $400 15
The Suite Life of Zack & Cody

Courtney
    $400 12
J.D. Salinger

Triple Stumper
    $400 29
a cannon

Mehal!
    $400 30
calculus

Mehal!
    $800 27
Wozniak

Adam
    $800 18
Manchester

Courtney
    $800 14
Laverne & Shirley

Courtney
    $800 1
(R.L.) Stine

Mehal!
    $800 6
PTSD

Mehal!
    $800 24
an esophagus

Mehal!
    $1200 11
aerosol

Courtney
    $1200 3
the Channel Islands

Mehal!
    $1200 10
(Ken: Sharon Gless and Tyne Daly from... [*].)

Cagney & Lacey

Triple Stumper
    $1200 8
(Mehal: Who is... Tolkien?)

(C.S.) Lewis

Mehal!Adam
    $1200 5
(Mehal: What's a foot?)
...
(Ken: In the photo it's what he's playing with--[*].)

the left hand

Mehal!
Triple Stumper
    $1200 23
a ficus

Courtney
    $1600 21
(Les) Paul

Mehal!
    $1600 2
(Ken: Called A [*] Lad.)

Shropshire

Triple Stumper
    $1600 16
(Ken: Redd Foxx and Demond Wilson in [*].)

Sanford and Son

Triple Stumper
    $4,000 9
(Ken: Yes, [*] of The Outsiders fame.)

(S.E.) Hinton

Adam
    $1600 4
Sousa

Mehal!
    $1600 22
lupus

Courtney
    $4,000 25
(Samuel F.B.) Morse

Mehal!
    $2000 20
Ben Nevis

Adam
    $2000 17
(Adam: What is... oh, no, um...)

Jeeves and Wooster

Adam
Triple Stumper
    $2000 13
N.K. Jemisin

Triple Stumper
    $2000 7
Vienna

Adam
    $2000 26
(Mehal: Um, what is Ephesus?)

Halicarnassus

Mehal!Adam

Scores at the end of the Double Jeopardy! Round:

Mehal! Courtney Adam
$14,400 $8,400 $16,600

[wagering suggestions for these scores]

Final Jeopardy! Round responses

MOVIES & PSYCHOLOGY
(Ken: [To Courtney] Ingrid Bergman wondering if she's really going mad, but she's not--it's her evil husband who's doing it--gave us our modern term [*]ing.)
...
(Ken: [To Mehal] What is Folie à deux? The Joker movie?)
[Mehal shrugs.]
CourtneyWhat is Gaslight?
$8,201
Mehal!What is Foile a´ deux?
$14,400
AdamWhat is Gaslight?
$12,400
Gaslight

Final scores:

Mehal! Courtney Adam
$0 $16,601 $29,000
3rd place: $2,000 2nd place: $3,000 New champion: $29,000

Game dynamics:

Coryat scores:

Mehal! Courtney Adam
$12,400 $8,400 $13,200
23 R
(including 1 DD),
3 W
11 R,
1 W
16 R
(including 2 DDs),
2 W

Combined Coryat: $34,000

[game clues] [game scores] [suggest correction]

Game tape date: 2024-09-30
The J! Archive is created by fans, for fans. Scraping, republication, monetization, and malicious use prohibited; this site may use cookies and collect identifying information. See terms. The Jeopardy! game show and all elements thereof, including but not limited to copyright and trademark thereto, are the property of Jeopardy Productions, Inc. and are protected under law. This website is not affiliated with, sponsored by, or operated by Jeopardy Productions, Inc. Join the discussion at JBoard.tv.